{"text_format":"3","workbook":"xlsx","n_sheets":1,"sheets":["t401"],"read":"whole","date_system":"1900"}

{"sheet":"t401","index":0,"n_rows":183,"n_cols":7,"rows_kept":183,"merged":[[0,0,0,6],[30,0,30,5],[48,0,48,5],[151,0,151,5]]}
["TABELA 401.1 - Estatísticas Agrícolas, Município de Pardinho, Estado de São Paulo, 2007/08."]
["ITEM","UNIDADE","N.DE UPAs","MÍNIMO","MÉDIO","MÁXIMO","TOTAL"]
["Distância à sede do município","km",304,0.1,6.7,{"v":30,"d":"30.0"},"-"]
["Área total","hectare",304,0.6,{"v":69.77,"d":"69.8"},{"v":1200,"d":"1,200.0"},{"v":21210.5,"d":"21,210.5"}]
["Área com cultura perene","hectare",114,0.2,{"v":16.58,"d":"16.6"},716.2,{"v":1890.6,"d":"1,890.6"}]
["Área com cultura temporária","hectare",117,0.1,{"v":23.48,"d":"23.5"},653.4,{"v":2747.7,"d":"2,747.7"}]
["Área com pastagem","hectare",273,0.1,{"v":46.06,"d":"46.1"},698.8,{"v":12574.8,"d":"12,574.8"}]
["Área com reflorestamento","hectare",64,0.1,{"v":12.32,"d":"12.3"},252.8,788.3]
["Área com vegetação natural","hectare",264,0.1,{"v":10.49,"d":"10.5"},{"v":500,"d":"500.0"},{"v":2768.6,"d":"2,768.6"}]
["Área com vegetação de brejo e várzea","hectare",3,0.1,2.7,{"v":5,"d":"5.0"},8.1]
["Área em descanso","hectare",6,{"v":2,"d":"2.0"},{"v":15.55,"d":"15.6"},57.6,93.3]
["Área complementar","hectare",262,0.1,{"v":1.29,"d":"1.3"},{"v":22,"d":"22.0"},339.1]
["Área das UPAs com (0, 1] ha","hectare",3,0.6,0.6,0.6,1.8]
["Área das UPAs com (1, 2] ha","hectare",1,1.9,1.9,1.9,1.9]
["Área das UPAs com (2, 5] ha","hectare",37,2.4,{"v":3.58,"d":"3.6"},4.8,132.3]
["Área das UPAs com (5, 10] ha","hectare",33,5.4,{"v":7.82,"d":"7.8"},9.7,{"v":258,"d":"258.0"}]
["Área das UPAs com (10, 20] ha","hectare",56,10.3,{"v":14.92,"d":"14.9"},19.7,835.7]
["Área das UPAs com (20, 50] ha","hectare",95,20.3,{"v":32.35,"d":"32.4"},{"v":49,"d":"49.0"},{"v":3073.5,"d":"3,073.5"}]
["Área das UPAs com (50, 100] ha","hectare",34,50.4,{"v":69.46,"d":"69.5"},96.8,{"v":2361.6,"d":"2,361.6"}]
["Área das UPAs com (100, 200] ha","hectare",18,101.6,{"v":135.12,"d":"135.1"},193.6,{"v":2432.2,"d":"2,432.2"}]
["Área das UPAs com (200, 500] ha","hectare",19,207.3,{"v":319.05,"d":"319.1"},{"v":484,"d":"484.0"},{"v":6061.9,"d":"6,061.9"}]
["Área das UPAs com (500, 1.000] ha","hectare",7,552.8,{"v":693.09,"d":"693.1"},897.8,{"v":4851.6,"d":"4,851.6"}]
["Área das UPAs com (1.000, 2.000] ha","hectare",1,{"v":1200,"d":"1,200.0"},{"v":1200,"d":"1,200.0"},{"v":1200,"d":"1,200.0"},{"v":1200,"d":"1,200.0"}]
["Área das UPAs com (2.000, 5.000] ha","hectare","-","-","-","-","-"]
["Área das UPAs com (5.000, 10.000] ha","hectare","-","-","-","-","-"]
["Área das UPAs acima de 10.000 ha","hectare","-","-","-","-","-"]
["Familiares do proprietário que trabalham na UPA","unidade",197,{"v":1,"d":"1.0"},{"v":1.55,"d":"1.6"},{"v":8,"d":"8.0"},{"v":306,"d":"306.0"}]
["Trabalhadores permanentes","unidade",131,{"v":1,"d":"1.0"},{"v":3.63,"d":"3.6"},{"v":44,"d":"44.0"},{"v":475,"d":"475.0"}]
["Fonte: Secretaria de Agricultura e Abastecimento, CDRS/IEA, Projeto LUPA."]
[]
["TABELA 401.2 - Explorações Animais, Município de Pardinho, Estado de São Paulo, 2007/08."]
["ITEM","UNIDADE","N.DE UPAs","MÍNIMO","MÉDIO","MÁXIMO","TOTAL"]
["Asininos E Muares","cabeças",4,{"v":2,"d":"2.0"},{"v":2,"d":"2.0"},{"v":2,"d":"2.0"},{"v":8,"d":"8.0"}]
["Avestruzes e Ema (Criadouro)","cabeças",1,{"v":250,"d":"250.0"},{"v":250,"d":"250.0"},{"v":250,"d":"250.0"},{"v":250,"d":"250.0"}]
["Avicultura de Corte","cabeças/ano",17,{"v":12,"d":"12.0"},{"v":58196.29,"d":"58,196.3"},{"v":180000,"d":"180,000.0"},{"v":989337,"d":"989,337.0"}]
["Avicultura Ornamental/Decorativa/Exótica","cabeças",2,{"v":30,"d":"30.0"},{"v":30,"d":"30.0"},{"v":30,"d":"30.0"},{"v":60,"d":"60.0"}]
["Avicultura para Ovos","cabeças",14,{"v":10,"d":"10.0"},{"v":53.57,"d":"53.6"},{"v":200,"d":"200.0"},{"v":750,"d":"750.0"}]
["Bovinocultura de Corte","cabeças",18,{"v":10,"d":"10.0"},147.5,{"v":500,"d":"500.0"},{"v":2655,"d":"2,655.0"}]
["Bovinocultura Leiteira","cabeças",12,{"v":5,"d":"5.0"},{"v":66.67,"d":"66.7"},{"v":200,"d":"200.0"},{"v":800,"d":"800.0"}]
["Bovinocultura Mista","cabeças",186,{"v":2,"d":"2.0"},{"v":57.58,"d":"57.6"},{"v":830,"d":"830.0"},{"v":10709,"d":"10,709.0"}]
["Caprinocultura","cabeças",2,{"v":2,"d":"2.0"},7.5,{"v":13,"d":"13.0"},{"v":15,"d":"15.0"}]
["Equinocultura","cabeças",124,{"v":1,"d":"1.0"},{"v":4.03,"d":"4.0"},{"v":65,"d":"65.0"},{"v":500,"d":"500.0"}]
["Minhocultura","canteiros",1,{"v":2,"d":"2.0"},{"v":2,"d":"2.0"},{"v":2,"d":"2.0"},{"v":2,"d":"2.0"}]
["Ovinocultura","cabeças",11,{"v":12,"d":"12.0"},{"v":27.73,"d":"27.7"},{"v":50,"d":"50.0"},{"v":305,"d":"305.0"}]
["Piscicultura","m² tanques",1,{"v":48000,"d":"48,000.0"},{"v":48000,"d":"48,000.0"},{"v":48000,"d":"48,000.0"},{"v":48000,"d":"48,000.0"}]
["Suinocultura","cabeças",31,{"v":1,"d":"1.0"},{"v":11.94,"d":"11.9"},{"v":55,"d":"55.0"},{"v":370,"d":"370.0"}]
["Fonte: Secretaria de Agricultura e Abastecimento, CDRS/IEA, Projeto LUPA."]
[]
["TABELA 401.3 -  Máquinas, Implementos e Benfeitorias, Município de Pardinho, Estado de São Paulo, 2007/08."]
["ITEM","UNIDADE","N.DE UPAs","MÍNIMO","MÉDIO","MÁXIMO","TOTAL"]
["Arado Comum (Bacia, Aiveca)","Unidade",71,{"v":1,"d":"1.0"},{"v":1.23,"d":"1.2"},{"v":6,"d":"6.0"},{"v":87,"d":"87.0"}]
["Arado Escarificador","Unidade",10,{"v":1,"d":"1.0"},{"v":1,"d":"1.0"},{"v":1,"d":"1.0"},{"v":10,"d":"10.0"}]
["Arado Subsolador","Unidade",1,{"v":1,"d":"1.0"},{"v":1,"d":"1.0"},{"v":1,"d":"1.0"},{"v":1,"d":"1.0"}]
["Batedeira de Cereais","Unidade",3,{"v":1,"d":"1.0"},{"v":1,"d":"1.0"},{"v":1,"d":"1.0"},{"v":3,"d":"3.0"}]
["Câmara Fria","Unidade",4,{"v":1,"d":"1.0"},{"v":1.25,"d":"1.3"},{"v":2,"d":"2.0"},{"v":5,"d":"5.0"}]
["Colhedeira Acoplada","Unidade",4,{"v":1,"d":"1.0"},{"v":1.25,"d":"1.3"},{"v":2,"d":"2.0"},{"v":5,"d":"5.0"}]
["Colhedeira Automotriz","Unidade",3,{"v":1,"d":"1.0"},{"v":1.67,"d":"1.7"},{"v":2,"d":"2.0"},{"v":5,"d":"5.0"}]
["Conj.Irrigação Convencional","Unidade",4,{"v":1,"d":"1.0"},1.5,{"v":3,"d":"3.0"},{"v":6,"d":"6.0"}]
["Conj.Irrigação/Gotejamento/Microaspersão","Unidade",3,{"v":1,"d":"1.0"},{"v":1,"d":"1.0"},{"v":1,"d":"1.0"},{"v":3,"d":"3.0"}]
["Conjunto de Fenação","Unidade",5,{"v":1,"d":"1.0"},{"v":1,"d":"1.0"},{"v":1,"d":"1.0"},{"v":5,"d":"5.0"}]
["Desintegrador de Palha (Plantio Direto)","Unidade",3,{"v":1,"d":"1.0"},{"v":1,"d":"1.0"},{"v":1,"d":"1.0"},{"v":3,"d":"3.0"}]
["Desintegrador, Picador, Triturador","Unidade",96,{"v":1,"d":"1.0"},1.1,{"v":3,"d":"3.0"},{"v":106,"d":"106.0"}]
["Distribuidor de Calcário","Unidade",26,{"v":1,"d":"1.0"},{"v":1.08,"d":"1.1"},{"v":2,"d":"2.0"},{"v":28,"d":"28.0"}]
["Ensiladeira","Unidade",41,{"v":1,"d":"1.0"},{"v":1.27,"d":"1.3"},{"v":3,"d":"3.0"},{"v":52,"d":"52.0"}]
["Grade Aradora (Tipo Romi)","Unidade",32,{"v":1,"d":"1.0"},{"v":1.41,"d":"1.4"},{"v":6,"d":"6.0"},{"v":45,"d":"45.0"}]
["Grade Niveladora","Unidade",60,{"v":1,"d":"1.0"},{"v":1.15,"d":"1.2"},{"v":3,"d":"3.0"},{"v":69,"d":"69.0"}]
["Implementos para Tração Animal","Unidade",25,{"v":1,"d":"1.0"},{"v":1.64,"d":"1.6"},{"v":6,"d":"6.0"},{"v":41,"d":"41.0"}]
["Microtrator","Unidade",6,{"v":1,"d":"1.0"},{"v":1.17,"d":"1.2"},{"v":2,"d":"2.0"},{"v":7,"d":"7.0"}]
["Misturador de Ração","Unidade",5,{"v":1,"d":"1.0"},1.2,{"v":2,"d":"2.0"},{"v":6,"d":"6.0"}]
["Ordenhadeira Mecânica","Unidade",16,{"v":1,"d":"1.0"},{"v":1,"d":"1.0"},{"v":1,"d":"1.0"},{"v":16,"d":"16.0"}]
["Pulverizador Tratorizado","Unidade",29,{"v":1,"d":"1.0"},{"v":1.48,"d":"1.5"},{"v":4,"d":"4.0"},{"v":43,"d":"43.0"}]
["Resfriador de Leite, Tanque Expansão","Unidade",9,{"v":1,"d":"1.0"},{"v":1.22,"d":"1.2"},{"v":3,"d":"3.0"},{"v":11,"d":"11.0"}]
["Semeadeira/Adubadeira para Plantio Convencional","Unidade",16,{"v":1,"d":"1.0"},{"v":1.06,"d":"1.1"},{"v":2,"d":"2.0"},{"v":17,"d":"17.0"}]
["Semeadeira/Plantadeira Plantio Direto","Unidade",11,{"v":1,"d":"1.0"},{"v":1.36,"d":"1.4"},{"v":3,"d":"3.0"},{"v":15,"d":"15.0"}]
["Terraceador","Unidade",6,{"v":1,"d":"1.0"},{"v":1,"d":"1.0"},{"v":1,"d":"1.0"},{"v":6,"d":"6.0"}]
["Trator de Pneus","Unidade",97,{"v":1,"d":"1.0"},{"v":1.91,"d":"1.9"},{"v":11,"d":"11.0"},{"v":185,"d":"185.0"}]
["Açude/Represa","Unidade",136,{"v":1,"d":"1.0"},{"v":1.87,"d":"1.9"},{"v":10,"d":"10.0"},{"v":254,"d":"254.0"}]
["Almoxarifado/Oficina","Unidade",37,{"v":1,"d":"1.0"},{"v":1.14,"d":"1.1"},{"v":4,"d":"4.0"},{"v":42,"d":"42.0"}]
["Armazém para Grãos Ensacados","Sacas",14,{"v":1,"d":"1.0"},{"v":1.29,"d":"1.3"},{"v":2,"d":"2.0"},{"v":18,"d":"18.0"}]
["Balança para Bovinos","Unidade",13,{"v":1,"d":"1.0"},{"v":1.15,"d":"1.2"},{"v":3,"d":"3.0"},{"v":15,"d":"15.0"}]
["Balança para Veículos","Unidade",1,{"v":1,"d":"1.0"},{"v":1,"d":"1.0"},{"v":1,"d":"1.0"},{"v":1,"d":"1.0"}]
["Barracão para Granja/Avicultura","Unidade",17,{"v":1,"d":"1.0"},{"v":1.41,"d":"1.4"},{"v":6,"d":"6.0"},{"v":24,"d":"24.0"}]
["Barracão/Galpão/Garagem","Unidade",97,{"v":1,"d":"1.0"},{"v":1.36,"d":"1.4"},{"v":12,"d":"12.0"},{"v":132,"d":"132.0"}]
["Casa de Moradia Habitada","Unidade",215,{"v":1,"d":"1.0"},{"v":1.79,"d":"1.8"},{"v":18,"d":"18.0"},{"v":384,"d":"384.0"}]
["Casa de Moradia Total","Unidade",235,{"v":1,"d":"1.0"},{"v":2.35,"d":"2.4"},{"v":19,"d":"19.0"},{"v":552,"d":"552.0"}]
["Curral/Mangueira","Unidade",168,{"v":1,"d":"1.0"},{"v":1.08,"d":"1.1"},{"v":4,"d":"4.0"},{"v":182,"d":"182.0"}]
["Depósito/Tulha","Unidade",117,{"v":1,"d":"1.0"},{"v":1.15,"d":"1.2"},{"v":4,"d":"4.0"},{"v":135,"d":"135.0"}]
["Engenho","Unidade",1,{"v":1,"d":"1.0"},{"v":1,"d":"1.0"},{"v":1,"d":"1.0"},{"v":1,"d":"1.0"}]
["Estábulo","Unidade",36,{"v":1,"d":"1.0"},{"v":1.25,"d":"1.3"},{"v":7,"d":"7.0"},{"v":45,"d":"45.0"}]
["Estufa/Plasticultura","m²",1,{"v":2,"d":"2.0"},{"v":2,"d":"2.0"},{"v":2,"d":"2.0"},{"v":2,"d":"2.0"}]
["Fábrica de Ração","Unidade",2,{"v":1,"d":"1.0"},{"v":1,"d":"1.0"},{"v":1,"d":"1.0"},{"v":2,"d":"2.0"}]
["Instalações para Equinos","Unidade",10,{"v":1,"d":"1.0"},1.8,{"v":6,"d":"6.0"},{"v":18,"d":"18.0"}]
["Máquina de Benefício","Unidade",3,{"v":1,"d":"1.0"},{"v":1,"d":"1.0"},{"v":1,"d":"1.0"},{"v":3,"d":"3.0"}]
["Pocilga","Unidade",27,{"v":1,"d":"1.0"},{"v":1.22,"d":"1.2"},{"v":5,"d":"5.0"},{"v":33,"d":"33.0"}]
["Poço Semi-Artesiano","Unidade",16,{"v":1,"d":"1.0"},{"v":1,"d":"1.0"},{"v":1,"d":"1.0"},{"v":16,"d":"16.0"}]
["Secador de Grãos","Unidade",5,{"v":1,"d":"1.0"},{"v":1,"d":"1.0"},{"v":1,"d":"1.0"},{"v":5,"d":"5.0"}]
["Silo para Grãos","t",1,{"v":1,"d":"1.0"},{"v":1,"d":"1.0"},{"v":1,"d":"1.0"},{"v":1,"d":"1.0"}]
["Silo para Silagem","t",22,{"v":1,"d":"1.0"},{"v":12446.55,"d":"12,446.6"},{"v":270000,"d":"270,000.0"},{"v":273824,"d":"273,824.0"}]
["Terreiro","m²",82,{"v":1,"d":"1.0"},{"v":337.61,"d":"337.6"},{"v":12000,"d":"12,000.0"},{"v":27684,"d":"27,684.0"}]
["Usina de Açúcar/destilaria","Unidade",1,{"v":1,"d":"1.0"},{"v":1,"d":"1.0"},{"v":1,"d":"1.0"},{"v":1,"d":"1.0"}]
["Fonte: Secretaria de Agricultura e Abastecimento, CDRS/IEA, Projeto LUPA."]
[]
["TABELA 401.4 - Outras Estatísticas Agrícolas, Município de Pardinho, Estado de São Paulo, 2007/08."]
["ITEM","Número de UPAs",null,"Percentual"]
["Faz Parte de Associação de Produtores",41,null,{"v":13.442622950819672,"d":"13.4"}]
["Faz Parte de Cooperativa de Produtores",52,null,{"v":17.04918032786885,"d":"17.0"}]
["Faz Parte do Sindicato de Produtores",31,null,{"v":10.16393442622951,"d":"10.2"}]
["Não utiliza assistência técnica ",59,null,{"v":19.34426229508197,"d":"19.3"}]
["Utiliza somente assistência técnica governamental ",202,null,{"v":66.22950819672131,"d":"66.2"}]
["Utiliza somente assistência técnica privada ",21,null,{"v":6.885245901639344,"d":"6.9"}]
["Utiliza assistência técnica tanto governamental quanto privada",23,null,{"v":7.540983606557377,"d":"7.5"}]
["Utiliza Crédito Rural",29,null,{"v":9.508196721311474,"d":"9.5"}]
["Utiliza Seguro Rural",1,null,{"v":0.32786885245901637,"d":"0.3"}]
["Utiliza Escrituração Agrícola",66,null,{"v":21.639344262295083,"d":"21.6"}]
["Acessa Internet p/ Fins na Agropecuária",16,null,{"v":5.245901639344262,"d":"5.2"}]
["Utiliza Computador nas Atividades Agropecuárias",18,null,{"v":5.901639344262295,"d":"5.9"}]
["Utiliza Energia Elétrica Para Uso na Atividade Agrícola",254,null,{"v":83.27868852459015,"d":"83.3"}]
["Realiza Análise de Solo, quando necessário",125,null,{"v":40.983606557377044,"d":"41.0"}]
["Utiliza Práticas de Conservação de Solo, quando necessário",192,null,{"v":62.950819672131146,"d":"63.0"}]
["Faz Adubação Mineral, quando necessário",225,null,{"v":73.77049180327869,"d":"73.8"}]
["Faz Adubação Orgânica, quando necessário",169,null,{"v":55.409836065573764,"d":"55.4"}]
["Faz Adubação Verde, quando necessário",38,null,{"v":12.459016393442623,"d":"12.5"}]
["Utiliza Manejo Integrado de Pragas (MIP)",7,null,{"v":2.2950819672131146,"d":"2.3"}]
["Utiliza Hidroponia","-",null,"-"]
["Utiliza Plasticultura",3,null,{"v":0.9836065573770493,"d":"1.0"}]
["Utiliza Mudas Fiscalizadas",58,null,{"v":19.01639344262295,"d":"19.0"}]
["Utiliza Semente Melhorada",102,null,{"v":33.442622950819676,"d":"33.4"}]
["Faz Confinamento de Bovinos",6,null,{"v":1.9672131147540985,"d":"2.0"}]
["Utiliza Pastejo Intensivo",175,null,{"v":57.377049180327866,"d":"57.4"}]
["Faz Inseminação Artificial",12,null,{"v":3.934426229508197,"d":"3.9"}]
["Faz Mineralização do Rebanho",204,null,{"v":66.88524590163935,"d":"66.9"}]
["Faz Vermifugação do Rebanho",206,null,{"v":67.54098360655738,"d":"67.5"}]
["Possui Parceiros /Arrendatários na Exploração Animal",16,null,{"v":5.245901639344262,"d":"5.2"}]
["Esporte e lazer",2,null,{"v":0.6557377049180327,"d":"0.7"}]
["Extração mineral","-",null,"-"]
["Hotel Fazenda, Pousada ou SPA",1,null,{"v":0.32786885245901637,"d":"0.3"}]
["Pesque-pague",1,null,{"v":0.32786885245901637,"d":"0.3"}]
["Restaurante ou Lanchonete",1,null,{"v":0.32786885245901637,"d":"0.3"}]
["Transformação artesanal","-",null,"-"]
["Turismo rural ou ecoturismo",1,null,{"v":0.32786885245901637,"d":"0.3"}]
["Outras atividades econômicas rurais","-",null,"-"]
["Agroindústria","-",null,"-"]
["Proprietário sem instrução ou com instrução incompleta",5,null,{"v":1.639344262295082,"d":"1.6"}]
["Proprietário com antigo primário completo",147,null,{"v":48.19672131147541,"d":"48.2"}]
["Proprietário com 1° grau (ou antigo ginasial) completo",23,null,{"v":7.540983606557377,"d":"7.5"}]
["Proprietário com 2° grau (ou antigo colegial) completo",34,null,{"v":11.147540983606559,"d":"11.1"}]
["Proprietário com curso superior completo ",88,null,{"v":28.852459016393443,"d":"28.9"}]
["Pessoa Jurídica",7,null,{"v":2.2950819672131146,"d":"2.3"}]
["Proprietário residente na própria UPA ",93,null,{"v":30.491803278688526,"d":"30.5"}]
["Fonte: Secretaria de Agricultura e Abastecimento, CDRS/IEA, Projeto LUPA."]
[]
["TABELA 401.5 - Área Cultivada, Município de Pardinho, Estado de São Paulo, 2007/08."]
["CULTURA","N.DE UPAs","MÍNIMO","MÉDIO","MÁXIMO","TOTAL"]
["Braquiaria",266,0.1,{"v":45.16,"d":"45.2"},698.8,{"v":12013.8,"d":"12,013.8"}]
["Milho",66,0.5,{"v":34.18,"d":"34.2"},653.4,{"v":2255.6,"d":"2,255.6"}]
["Laranja",3,11.5,{"v":374.03,"d":"374.0"},716.2,{"v":1122.1,"d":"1,122.1"}]
["Eucalipto",64,0.1,{"v":12.32,"d":"12.3"},252.8,788.3]
["Cafe",103,0.3,{"v":6.77,"d":"6.8"},65.3,697.6]
["Cana-de-acucar",54,0.1,{"v":6.52,"d":"6.5"},94.8,{"v":352,"d":"352.0"}]
["Outras gramineas para pastagem",6,{"v":1,"d":"1.0"},{"v":50,"d":"50.0"},202.1,{"v":300,"d":"300.0"}]
["Capim-napier (ou capim-elefante)",54,0.3,{"v":4.83,"d":"4.8"},55.6,{"v":261,"d":"261.0"}]
["Feijao",2,0.7,{"v":25.35,"d":"25.4"},{"v":50,"d":"50.0"},50.7]
["Milho-doce",1,42.9,42.9,42.9,42.9]
["Milho-silagem",2,7.2,15.7,24.2,31.4]
["Ameixa",1,{"v":22,"d":"22.0"},{"v":22,"d":"22.0"},{"v":22,"d":"22.0"},{"v":22,"d":"22.0"}]
["Bambu",2,{"v":7,"d":"7.0"},{"v":10.85,"d":"10.9"},14.7,21.7]
["Fruta-do-conde (ou pinha, ou anona)",1,11.6,11.6,11.6,11.6]
["Outras frutiferas",1,{"v":5,"d":"5.0"},{"v":5,"d":"5.0"},{"v":5,"d":"5.0"},{"v":5,"d":"5.0"}]
["Pomar domestico",4,0.2,{"v":1.15,"d":"1.2"},2.4,4.6]
["Caqui",1,3.5,3.5,3.5,3.5]
["Alface",1,{"v":3,"d":"3.0"},{"v":3,"d":"3.0"},{"v":3,"d":"3.0"},{"v":3,"d":"3.0"}]
["Mandioca",2,0.1,{"v":1.05,"d":"1.1"},{"v":2,"d":"2.0"},2.1]
["Macadamia (ou noz-macadamia)",1,{"v":2,"d":"2.0"},{"v":2,"d":"2.0"},{"v":2,"d":"2.0"},{"v":2,"d":"2.0"}]
["Floricultura para corte",1,{"v":2,"d":"2.0"},{"v":2,"d":"2.0"},{"v":2,"d":"2.0"},{"v":2,"d":"2.0"}]
["Brocolos (ou brocolis)",1,{"v":2,"d":"2.0"},{"v":2,"d":"2.0"},{"v":2,"d":"2.0"},{"v":2,"d":"2.0"}]
["Repolho",1,{"v":1,"d":"1.0"},{"v":1,"d":"1.0"},{"v":1,"d":"1.0"},{"v":1,"d":"1.0"}]
["Cenoura",1,{"v":1,"d":"1.0"},{"v":1,"d":"1.0"},{"v":1,"d":"1.0"},{"v":1,"d":"1.0"}]
["Abobora (ou jerimum)",1,{"v":1,"d":"1.0"},{"v":1,"d":"1.0"},{"v":1,"d":"1.0"},{"v":1,"d":"1.0"}]
["Nabica (v)",1,{"v":1,"d":"1.0"},{"v":1,"d":"1.0"},{"v":1,"d":"1.0"},{"v":1,"d":"1.0"}]
["Morango",2,0.5,0.5,0.5,{"v":1,"d":"1.0"}]
["Chicoria (ou chicoria-de-folha-crespa)",1,{"v":1,"d":"1.0"},{"v":1,"d":"1.0"},{"v":1,"d":"1.0"},{"v":1,"d":"1.0"}]
["Azeitona",1,0.5,0.5,0.5,0.5]
["Fonte: Secretaria de Agricultura e Abastecimento, CDRS/IEA, Projeto LUPA."]